00600 2200217 4500001002100000005001500021035002000036007000300056008004100059020002200100082001100122084001700133100002100150245003800171260004500209300004500254650001400299650002600313700002300339990002000362INLIS00000000000293220260506065032 a0010-0526000023ta260506 e 0 ind  a978-623-02-6477-1 a650.14 a650.14 SET m1 aSetiawan Ariyono1 aMindset Job Seeket to Job Creator aYogyakarta :bPenerbit Deepublish,c2023 axiv + 152 hlm. :bilus. ;c15.5 x 23 cm. 4aPsikologi 4aPengembangan Karakter0 aLuthfiyah Nurlaela a20260507.06.006